[Event "VII Famalicao Open 2019"]
[Site "Famalicao"]
[Date "2019.08.02"]
[Round "8.2"]
[White "Tadevosyan, Aspet"]
[Black "Spraggett, Kevin"]
[Result "0-1"]
[WhiteElo "2144"]
[BlackElo "2511"]
[Annotator "TA"]
[PlyCount "88"]
[EventDate "2019.07.28"]
[EventType "swiss"]
[EventCountry "POR"]
[SourceTitle "playchess.com"]
[Source "ChessBase"]
[SourceQuality "1"]

{[%evp 17,88,26,48,-2,22,9,17,2,9,18,22,15,75,72,57,46,45,40,34,20,22,-45,0,-36,-13,-98,-109,-103,-78,-109,-99,-107,-114,-131,-118,-116,-140,-158,-151,-141,-152,-244,-247,-239,-214,-300,-270,-273,-281,-264,-256,-266,-258,-254,-241,-364,-370,-362,-314,-393,-393,-508,-508,-502,-493,-504,-502,-511,-504,-744,-708,-1293,-1264]} 1. d4 Nf6 2. c4 d6 3. Nf3 g6 4. Nc3 Nbd7 5. e4 e5 6. Be2 Bg7 7. O-O O-O 8. Re1 Re8 9. Bf1 a6 10. a3 $146 {E95: King's Indian: Classical: 7...Nbd7 8 Re1} ({Predecessor:} 10. Rb1 exd4 11. Nxd4 c6 12. Bf4 Ne5 13. h3 Be6 14. b3 c5 15. Nxe6 Rxe6 16. Qd2 Nc6 17. Bd3 Nb4 18. Nd5 Nxd3 19. Qxd3 Nxd5 20. exd5 Rxe1+ 21. Rxe1 {½-½ (37) Wojtaszek,R (2736)-Jones,G (2664) Bilbao 2014}) 10... a5 11. b3 exd4 12. Nxd4 {The position is equal.} Nc5 {[%cal Rf6e4]} 13. f3 $1 Nh5 14. Be3 Be5 (14... f5 $11) 15. g3 $16 c6 16. Rb1 Bg7 17. Qd2 Nf6 18. Red1 Nfd7 19. Nde2 ({White should try} 19. h3 $11) 19... a4 {aiming for ...Ne5.} 20. b4 ({Don't play} 20. Qxd6 Bf8 $17) (20. Bxc5 $5 Nxc5 21. b4 $11) 20... Ne5 $1 {[%csl LRc4,LRf3]} 21. Qxd6 (21. Nd4 $11 {keeps the balance.}) 21... Qxd6 $17 22. Rxd6 Ne6 23. c5 Nxf3+ 24. Kg2 {[#]} Ne5 $1 25. Nf4 Ng4 26. Bd2 Bf8 27. Rd3 Ne5 28. Re3 Nd4 29. Nce2 (29. Rb2 $17 {might work better.}) 29... Nb3 $19 30. Bc1 Nc4 31. Rc3 (31. Rd3 $142) 31... Rxe4 32. Ng1 Ncd2 33. Bxd2 Nxd2 34. Rd1 Nxf1 35. Kxf1 Bg4 36. Re1 (36. Rd2 {was called for.}) 36... Rxe1+ 37. Kxe1 Re8+ 38. Kf2 Bg7 39. Rd3 Bf5 {Black is clearly winning.} 40. Rd2 Bc3 41. Ra2 Bb1 42. Re2 Rxe2+ 43. Kxe2 {[#]} Bxb4 $1 {[%mdl 576] Promotion} 44. axb4 a3 {Accuracy: White = 42%, Black = 73%.} 0-1

[Event "VII Famalicao Open 2019"]
[Site "Famalicao"]
[Date "2019.08.03"]
[Round "8.3"]
[White "Martinez Duany, Lelys Stanley"]
[Black "Fidalgo, Andre Neves"]
[Result "1-0"]
[WhiteElo "2535"]
[BlackElo "2262"]
[Annotator "TA"]
[PlyCount "273"]
[EventDate "2019.07.28"]
[EventType "swiss"]
[EventCountry "POR"]
[SourceTitle "playchess.com"]
[Source "ChessBase"]
[SourceQuality "1"]

{[%evp 16,273,59,23,44,26,78,18,28,22,40,37,37,54,43,35,44,58,58,45,54,-4,21,0,49,45,43,41,71,42,93,102,96,105,320,106,89,93,87,91,89,70,86,82,153,148,139,137,135,112,113,119,120,0,0,-16,0,0,0,-2,8,8,8,8,18,18,18,18,18,18,18,18,22,23,22,11,11,11,11,11,17,17,70,70,70,70,70,70,70,70,75,50,52,30,30,30,30,30,30,30,30,30,30,30,61,61,61,23,61,17,61,61,61,61,61,61,62,62,62,62,62,62,62,62,62,62,62,62,62,61,62,54,54,8,61,61,62,61,61,47,41,8,8,8,8,8,8,8,8,8,8,8,8,8,8,8,8,8,8,8,8,8,8,8,8,7,7,7,7,7,7,7,8,8,8,8,8,8,8,8,8,8,8,8,8,8,8,8,8,8,8,8,8,8,8,8,8,8,8,8,8,8,8,8,8,8,8,8,8,8,8,8,8,8,8,8,8,8,8,8,8,8,8,8,8,8,8,8,8,8,8,8,8,8,8,8,8,8,8,8,8,0,8,8,8,8,8,8,14,14,8,8,8,8,8,8,29992,29992,29992,29993]} 1. Nf3 Nf6 2. c4 g6 3. g3 Bg7 4. Bg2 O-O 5. O-O d5 6. d4 dxc4 7. Na3 c3 8. bxc3 c5 9. Ne5 Nfd7 {D77: Fianchetto Grünfeld: 6 0-0: Replies other than 6...c6} (9... Nd5 10. Bd2 Nc6 11. Nxc6 bxc6 12. Nc4 Ba6 13. Ne5 Qc7 14. Re1 Bxe5 15. dxe5 Qxe5 16. Qc1 Rfd8 17. Qa3 Bb5 {1-0 (54) Vitiugov,N (2721)-Najer,E (2681) Sochi 2016}) 10. Nxd7 Qxd7 (10... Nxd7 $11 {remains equal.} 11. Be3 cxd4 12. Bxd4 (12. cxd4 Nf6 $11) 12... Nb6) 11. e3 (11. dxc5 $16 Nc6 12. Rb1) 11... Nc6 $11 {The position is equal.} 12. Rb1 $146 ({Predecessor:} 12. Nc4 Rb8 13. a4 Rd8 14. Qb3 cxd4 15. cxd4 b6 16. Ba3 Bb7 17. Rfd1 {1-0 (39) Foerster,E (2004)-Tresch,L (1820) Gau Algesheim 2014}) 12... Rb8 13. d5 Na5 14. c4 b6 15. Qc2 Nb7 16. e4 e5 17. dxe6 Qxe6 18. Nb5 (18. Bf4 $14 Be5 19. Bxe5 Qxe5 20. Nb5) 18... Na5 19. Bf4 Be5 20. Bxe5 ({Reject} 20. Nxa7 Bxf4 21. gxf4 Bb7 $11) 20... Qxe5 21. f4 Qe7 22. Nc3 Ba6 ({Better is} 22... f6 $14) 23. Nd5 $16 Qe6 24. Qc3 $36 {[%mdl 2048] White is really pushing.} f6 $2 (24... Nc6 $16 {was necessary.}) 25. e5 $2 (25. f5 $18 {and the rest is easy.} Qe5 26. Nxf6+ $1 {[%mdl 576] Remove Defender} Qxf6 27. e5) 25... Bxc4 {[%mdl 64] Double Attack} 26. Nxf6+ Rxf6 27. exf6 {Rbe1 is the strong threat.} Bxf1 28. Rxf1 Rf8 $1 29. Re1 Qxf6 (29... Qd6 $142) 30. Bd5+ Kh8 31. Qxf6+ Rxf6 {[%mdl 4096] Endgame KRB-KRN} 32. Re8+ Kg7 {[#]} 33. Rg8+ $1 {[%mdl 1024] White has strong compensation.} Kh6 34. h4 (34. Kg2 $16) 34... Nc6 $1 $11 35. Bc4 {Hoping for g4.} Nd4 {Threatens to win with ...b5.} 36. a4 $1 Nf3+ 37. Kg2 Nxh4+ 38. gxh4 Rxf4 {[%mdl 64] Double Attack. KRB-KR} 39. Bb5 a6 40. Kg3 Rb4 41. Bxa6 {Strongly threatening Bb5.} Rxa4 42. Be2 Ra3+ 43. Bf3 c4 44. Rb8 Rb3 45. Kf4 c3 46. Rc8 b5 47. Bd5 Ra3 48. Rc7 c2 (48... Ra4+ $1 $11 49. Kg3 Rd4) 49. Rxc2 $14 Rh3 50. Kg4 Rd3 51. Bf3 Rd4+ 52. Kg3 Rd8 53. Rc7 Rb8 $1 54. Bd5 b4 55. Bb3 {Black must now prevent Kg4.} Rd8 {aiming for ...Rd3+.} 56. Kf2 Rd4 57. Bg8 {[%csl Gg8][%cal Rc7h7]} Rxh4 58. Rxh7+ Kg5 59. Rb7 Rf4+ 60. Ke3 Rf8 61. Bd5 Re8+ 62. Be4 Re6 63. Rxb4 Rf6 64. Rb1 Kh6 65. Bf3 Re6+ 66. Kf4 Rf6+ 67. Kg4 Re6 68. Rb4 Rf6 69. Be4 Rd6 70. Kf4 Re6 71. Rb7 Rf6+ 72. Ke5 Ra6 73. Bd5 Kg5 74. Rb1 Kh6 ({Black should play} 74... Kh4 $11) 75. Be6 Kg7 76. Rb7+ Kh6 77. Kf6 Ra3 78. Bd5 (78. Bb3 {with more complications.} Ra6+ 79. Ke5 Kg5 80. Rb4 Ra1 81. Re4) 78... Ra6+ 79. Kf7 Ra1 80. Rb6 Rf1+ 81. Kg8 Rg1 82. Bf7 Rg2 83. Rb1 Rg5 84. Be8 Ra5 85. Rh1+ Rh5 86. Re1 Ra5 87. Re6 Rg5 88. Re7 {[%csl Gg8][%cal Re7h7]} Ra5 89. Rh7+ Kg5 90. Kg7 Ra7+ 91. Bf7 Kf5 92. Rh1 g5 93. Rf1+ Kg4 94. Kf6 Ra6+ 95. Be6+ Kh4 96. Rh1+ Kg3 97. Rg1+ Kf4 98. Rg4+ Kf3 99. Rxg5 Rb6 100. Ke5 Rb2 101. Bd5+ Ke3 102. Rg3+ Kd2 103. Kd4 Rb4+ 104. Bc4 {Rg2+ would kill now.} Rb2 105. Bb3 Ke1 106. Rh3 (106. Kc3 $5 {[%cal Rc3b2]} Kf2 107. Rg5 $14 (107. Kxb2 Kxg3 $11)) 106... Kd2 (106... Rd2+ {is more complex.} 107. Kc5 Re2 108. Kc6 Kf2 109. Rh2+ Ke3) 107. Rd3+ Ke2 108. Ke4 Kf2 109. Kf4 Ke1 110. Bd5 Rd2 111. Re3+ Re2 112. Ra3 Rb2 113. Be4 Kd2 114. Rh3 Rb4 115. Rd3+ Ke2 116. Rd8 Rb2 117. Bf3+ (117. Rf8 {feels hotter.} Rd2 118. Ke5 Ke3 119. Rf1 Ke2 120. Rf5) 117... Kf2 118. Rd1 Rb4+ 119. Be4 Rb2 120. Rh1 Rd2 121. Rh3 Ke1 122. Bd3 Rf2+ 123. Ke3 Re2+ $1 124. Kd4 Rf2 125. Kc3 {White threatens Rh1+ and mate.} Rf4 126. Rh2 {Intending Re2+ and mate.} Rf3 127. Ra2 Rg3 128. Rh2 Rf3 129. Rg2 Re3 130. Kd4 Re7 131. Be4 Kf1 132. Ra2 {Threatening mate with Ke3.} Rf7 133. Ke3 {[%cal Ra2a1]} Kg1 134. Rg2+ Kf1 135. Rh2 {[%cal Rh2h1]} Rg7 $2 {[%mdl 8192]} (135... Ke1 $11 136. Rb2 Rd7 137. Ra2 Rd8 138. Rb2 Rd7 139. Ra2 Rd8 140. Rb2 Rd7) 136. Ra2 {[%cal Ra2a1]} Rg3+ {[#]} 137. Bf3 $1 {Accuracy: White = 61%, Black = 65%.} 1-0

[Event "VII Famalicao Open 2019"]
[Site "Famalicao"]
[Date "2019.08.02"]
[Round "8.4"]
[White "Galego, Luis"]
[Black "Fernandes, Antonio"]
[Result "1-0"]
[WhiteElo "2513"]
[BlackElo "2376"]
[Annotator "TA"]
[PlyCount "64"]
[EventDate "2019.07.28"]
[EventType "swiss"]
[EventCountry "POR"]
[SourceTitle "playchess.com"]
[Source "ChessBase"]
[SourceQuality "1"]

{[%evp 18,64,22,17,30,18,42,26,35,14,32,22,20,19,16,5,7,0,14,20,7,-27,25,14,54,48,70,37,29,31,110,63,81,62,85,57,78,69,175,135,134,131,180,184,176,137,131,100,156]} 1. e4 c5 2. Nf3 d6 3. Nc3 Nf6 4. g3 Nc6 5. Bg2 g6 6. O-O Bg4 7. h3 Bxf3 8. Qxf3 Bg7 9. d3 O-O 10. Qd1 Nd7 {B25: Closed Sicilian: 3 g3, lines without early Be3} 11. Bg5 (11. f4 c4 12. dxc4 Na5 13. Nd5 Nxc4 14. c3 Ndb6 15. Qe2 Rc8 16. Kh2 e6 17. Nb4 Na4 18. f5 {0-1 (40) Mamedyarov,S (2760)-Carlsen,M (2733) Wijk aan Zee 2008}) 11... Qa5 $146 ({Predecessor:} 11... Rb8 12. Qd2 Qa5 13. Bh6 Rfe8 14. Bxg7 Kxg7 15. f4 Nb6 16. Qf2 Qb4 17. Rab1 Qd4 18. Rbe1 Qxf2+ 19. Rxf2 {0-1 (71) Galego,L (2454)-Dragun,K (2572) Barcelona 2015}) 12. Bd2 e6 {White has an edge.} 13. a4 Qc7 14. Kh2 a6 15. f4 Rab8 16. Qc1 Nd4 17. a5 f5 18. Qd1 Rbe8 19. exf5 gxf5 ({Black should play} 19... Nxf5 20. Ne2 d5) 20. Ne2 $11 Nb8 21. Nxd4 cxd4 22. c4 dxc3 $1 23. bxc3 Nd7 (23... Nc6 $14) 24. Qb1 Re7 25. Re1 Kh8 26. Ra3 Rb8 27. c4 b5 (27... Bd4 $14) 28. axb6 Rxb6 29. Qd1 Qb8 30. Be3 Nc5 31. Ra2 Rb2 32. Re2 Rb1 {Accuracy: White = 49%, Black = 28%.} ({Black should try} 32... Rxe2 33. Qxe2 e5 34. fxe5 Bxe5) 1-0

[Event "VII Famalicao Open 2019"]
[Site "Famalicao"]
[Date "2019.08.03"]
[Round "8.5"]
[White "Rego, Pedro Filipe"]
[Black "Petkov, Vladimir"]
[Result "0-1"]
[WhiteElo "2249"]
[BlackElo "2497"]
[Annotator "TA"]
[PlyCount "190"]
[EventDate "2019.07.28"]
[EventType "swiss"]
[EventCountry "POR"]
[SourceTitle "playchess.com"]
[Source "ChessBase"]
[SourceQuality "1"]

{[%evp 10,190,0,0,-3,-16,-17,-21,-22,-18,-12,-8,-10,-35,-29,-25,-7,-12,-6,-21,-17,-23,-30,-22,0,-45,0,0,15,24,4,0,8,4,11,19,54,40,65,7,4,-24,-33,-91,-74,-81,-8,-6,0,0,0,0,0,0,0,0,0,0,0,0,0,0,0,0,0,0,10,13,12,0,0,0,0,0,2,0,0,0,0,0,2,0,0,0,0,0,0,-8,2,-8,-8,-8,-8,-28,-28,-32,-31,-29,-28,-28,-28,-28,-28,-28,-28,-35,-28,-36,-35,-36,-36,-39,-42,-79,-49,-85,-79,-79,-49,-117,-117,-130,-130,-127,-36,-36,-36,-36,-36,-49,-36,-42,0,-125,-77,-77,-49,-49,-49,-49,-49,-49,-49,-49,-28,-49,-49,-49,-28,-49,-20,-28,-28,-28,-20,-20,-20,-30,-8,-8,-8,-8,-8,-8,-8,-8,-8,-8,-8,-8,-8,-29973,-29974,-29974,-29975,-29983,-29984,-29985,-29986,-29989,-29990,-29991,-115]} 1. e4 c5 2. c4 Nc6 3. Nc3 g6 4. g3 Bg7 5. Bg2 d6 6. Nge2 Rb8 {A36: Symmetrical English vs ...g6: 4 Bg2 Bg7} (6... e6 7. O-O Nge7 8. d3 O-O 9. Rb1 b6 10. Be3 Bb7 11. Qd2 Nd4 12. Bh6 Bxh6 13. Qxh6 Nec6 14. Qd2 Qd7 15. Nxd4 Nxd4 16. b4 f5 17. f4 fxe4 18. Nxe4 Bxe4 19. Bxe4 Rae8 {½-½ (50) Dominguez Perez,L (2726)-Vachier Lagrave,M (2758) Beijing 2014}) 7. a3 a6 8. Rb1 $146 ({Predecessor:} 8. O-O h5 9. h4 Bg4 10. f3 Bd7 11. d3 b5 12. cxb5 axb5 13. Be3 b4 14. axb4 Rxb4 {Kruimer,W (2070)-Hanssen,F (2289) ICCF email 2016}) 8... b5 {The position is equal.} 9. cxb5 axb5 10. b4 c4 11. d4 cxd3 $1 12. Qxd3 Be6 13. Nd5 Ne5 14. Qb3 Nf6 15. Nd4 Bd7 16. O-O O-O 17. Rd1 Rc8 18. Bg5 e6 19. Nxf6+ Bxf6 20. Bxf6 Qxf6 21. Nf3 Nc4 22. e5 Qg7 23. exd6 Rfd8 24. Rbc1 ({White should try} 24. Bf1 $1 $14) 24... Ra8 $11 25. Qc3 Rxa3 26. Qxg7+ Kxg7 27. Nd4 {[#]} Ra6 ({Reject} 27... Nxd6 $6 28. Nc6 $11) (27... Ra4 $1 $17) 28. Bf1 Rxd6 29. Bxc4 Be8 $1 30. Nxe6+ fxe6 31. Rxd6 Rxd6 {[%mdl 4096] Endgame KRB-KRB} 32. Be2 Rd4 33. Rc7+ Kf6 34. Rxh7 Rxb4 35. f4 Rb2 36. Kf2 b4 37. Ke3 Bf7 38. g4 {aiming for Bd3.} Ke7 39. Bd3 {Hoping for Bxg6.} Kf8 40. Rh8+ Bg8 41. Rh6 ({Wrong is} 41. Bxg6 $2 Kg7 $19) 41... b3 42. Rxg6 Rxh2 {...b2 is the strong threat.} 43. Rg5 Rh3+ 44. Kd2 Rg3 45. Rb5 Rxg4 46. Ke3 Rg3+ 47. Kd2 Rf3 48. f5 Ke7 49. Rxb3 exf5 50. Ke2 Rh3 51. Rb7+ Kf6 52. Rb6+ Kg5 53. Rb5 Bh7 54. Rd5 Bg6 55. Kf2 Kf4 56. Rd4+ Ke5 57. Rd8 Rh2+ 58. Ke1 Ra2 59. Rd7 Bh5 60. Re7+ Kf4 61. Re6 Bg4 62. Re7 Rh2 63. Re8 Bf3 64. Re7 (64. Rc8 $15) 64... Be4 $17 65. Bf1 Ra2 {Threatens to win with ...Ke3.} 66. Rc7 Ke3 (66... Kg3 $17 67. Be2 Ra1+ 68. Kd2 Kf2) 67. Rc3+ $15 Kd4 68. Rc4+ Kd5 69. Rc7 Ke5 70. Rc5+ Kf4 (70... Kf6 $15) 71. Rc7 $17 Bf3 72. Rc5 Ra3 73. Kf2 $1 Be4 74. Be2 Rh3 75. Ke1 Rh2 76. Rc3 Ke5 77. Rc5+ Kd4 78. Rc4+ Kd5 {( -> ...Rxe2+!)} 79. Rc8 f4 80. Rd8+ Ke5 81. Rf8 Bd5 82. Re8+ Kd4 83. Rd8 Ke3 84. Rxd5 Rxe2+ $11 {KR-KR} 85. Kf1 $1 {Re5+ would kill now.} Ra2 86. Rd1 Rf2+ 87. Kg1 $1 Re2 88. Ra1 Kf3 {White must now prevent ...Kg3.} 89. Ra3+ Re3 90. Ra1 $2 {[%mdl 8192] [#]} (90. Ra8 $11) 90... Kg3 {Black mates.} 91. Kf1 Rb3 92. Rc1 f3 93. Kg1 Rb2 94. Ra1 Rg2+ 95. Kh1 Rh2+ {Accuracy: White = 61%, Black = 56%.} 0-1

[Event "VII Famalicao Open 2019"]
[Site "Famalicao"]
[Date "2019.08.02"]
[Round "8.6"]
[White "Pinho, Paulo"]
[Black "Damaso, Rui"]
[Result "1-0"]
[WhiteElo "2200"]
[BlackElo "2425"]
[Annotator "TA"]
[PlyCount "57"]
[EventDate "2019.07.28"]
[EventType "swiss"]
[EventCountry "POR"]
[SourceTitle "playchess.com"]
[Source "ChessBase"]
[SourceQuality "1"]

{[%evp 19,77,13,11,0,12,6,8,6,33,33,97,104,99,104,104,101,117,117,120,115,219,218,210,144,137,138,186,216,193,193,205,213,194,143,150,147,506,529,526,516,628,605,755,746,915,1112,963,1091,1054,1039,1037,976,960,900,859,837,974,789,980,838]} 1. d4 d6 2. c4 g6 3. e4 Bg7 4. Nc3 Nf6 5. Be2 O-O 6. Nf3 e5 7. O-O exd4 8. Nxd4 Re8 9. f3 Nc6 10. Nc2 Nd7 11. Nd5 {E94: King's Indian: Classical: 6 Be2 e5 7 0-0: Various Black 7th moves} (11. Be3 Nc5 12. Qd2 a5 13. Rad1 Be6 14. Bg5 Qb8 15. Ne3 h6 16. Bh4 Nd4 17. Ned5 Nd7 18. Bf2 Bxd5 19. cxd5 Nxe2+ 20. Nxe2 Nc5 21. Rc1 b6 22. Nd4 Qd8 23. Nc6 Qg5 24. Be3 Qh4 25. Bf2 Qg5 26. Be3 Qh4 27. Bf2 {½-½ (27) Bartholomew,J (2435)-Solak,D (2603) Reykjavik 2013}) 11... Nc5 12. b4 $146 ({Predecessor:} 12. Rb1 a5 13. b3 f5 14. Bb2 Ne5 15. f4 c6 16. fxe5 cxd5 17. exf5 Bxf5 18. exd6 Qxd6 {½-½ (50) Herzog,A (2380)-Vombek,D (2300) Austria 1996}) 12... Na4 13. Rb1 {The position is equal.} a5 {aiming for ...axb4.} 14. b5 Ne5 ({Black should play} 14... Nb4 $1 $14 15. Ncxb4 axb4) 15. Nce3 $16 Nc5 16. b6 $1 $36 {[%cal Rb6c7][%mdl 2048] Black is under strong pressure.} cxb6 17. Nxb6 Ra6 18. Nxc8 Qxc8 19. Nd5 Ne6 {[#]} (19... Rc6 $16 20. Bb2 Qa8) 20. c5 $1 $18 {[%mdl 512]} Rc6 (20... Qxc5+ 21. Be3) 21. cxd6 Rxd6 22. Bb5 Nc6 23. Ne7+ Rxe7 24. Qxd6 {And now Bxc6 would win.} Be5 25. Qa3 Qc7 26. Bxc6 (26. Kh1 $18) 26... Bxh2+ $16 27. Kh1 bxc6 $4 {[%mdl 8192] [#]} (27... Bd6 $16 28. Qb3 (28. Rxb7 Qxc6 29. Rxe7 Bxa3 $11) 28... bxc6) 28. f4 $1 $18 {[%mdl 64] Deflection. White is clearly winning.} Bxf4 {[#]} 29. Bxf4 {Played: Rf1xf4} 1-0

[Event "VII Famalicao Open 2019"]
[Site "Famalicao"]
[Date "2019.08.02"]
[Round "8.7"]
[White "Campora, Daniel H."]
[Black "Santos, Jose Guilherme B Lim"]
[Result "1-0"]
[WhiteElo "2420"]
[BlackElo "2155"]
[Annotator "TA"]
[PlyCount "75"]
[EventDate "2019.07.28"]
[EventType "swiss"]
[EventCountry "POR"]
[SourceTitle "playchess.com"]
[Source "ChessBase"]
[SourceQuality "1"]

{[%evp 9,75,14,26,17,24,28,25,16,14,13,67,49,51,27,41,0,8,-33,-48,-50,-46,-47,-26,-20,-20,-44,-21,-21,-5,-45,-44,-37,-37,-24,-11,-22,-11,-77,-63,-60,-62,-68,-34,-42,-21,-27,0,0,0,-8,0,0,18,18,14,16,18,10,11,3,18,11,11,-6,0,0,29995,29996]} 1. e4 c5 2. Nf3 d6 3. Bb5+ Nd7 4. O-O a6 5. Bd3 Ngf6 6. Re1 {B51: Sicilian: Moscow Variation (3 Bb5+) without 3...Bd7} (6. c3 b5 7. a4 c4 8. Be2 Bb7 9. axb5 axb5 10. Rxa8 Bxa8 11. Na3 Bxe4 12. Nxb5 d5 {½-½ (65) Harikrishna,P (2723)-Giri,A (2797) Shenzhen 2019}) 6... g6 7. c3 Bg7 8. Bc2 {White has an edge.} O-O 9. d4 b5 (9... cxd4 $11 10. cxd4 b5) 10. e5 $14 Ne8 $146 ({Predecessor:} 10... dxe5 11. dxe5 Ng4 12. e6 fxe6 {1-0 (34) Zhang,Z (2645)-Quintiliano Pinto,R (2484) Doha 2016}) 11. Bg5 dxe5 $1 12. dxe5 Nc7 13. Qc1 (13. Bh4 {keeps more tension.} Ne6 14. Nbd2 Bb7 15. Ne4 Re8 16. Bg3) 13... Bb7 14. Be4 Bxe4 15. Rxe4 Re8 16. Bh6 Bh8 17. Qe3 Ne6 18. Nbd2 Qc7 19. Re1 c4 20. Nd4 Ndc5 21. Rh4 Nxd4 22. cxd4 Nd3 23. Rf1 (23. Rb1 $11 {remains equal.}) 23... Nxb2 $17 24. Ne4 f5 $1 {[%cal Rf5e4]} 25. Nc5 Nd3 26. Nxd3 cxd3 27. Qxd3 Qc4 28. Qxc4+ bxc4 29. Rc1 Rec8 30. g4 Bg7 31. gxf5 gxf5 32. Rc3 $36 {[%mdl 2048] [#] Threatens to win with Rg3. White has some pressure.} Rc6 33. Bxg7 Kxg7 34. Kf1 Rb8 35. d5 Rc5 36. Rch3 c3 {aiming for ...c2.} 37. Rxh7+ Kg6 $2 {[%mdl 8192] [#]} (37... Kg8 $11 38. Rh8+ Kg7 39. Rxb8 c2 40. Rg3+ Kh7 41. Rh3+ Kg7 42. Rg3+ Kh7 43. Rh3+ Kg7) 38. f4 $1 {Accuracy: White = 54%, Black = 57%.} ({Wrong is} 38. Rxe7 $2 c2 $19) 1-0

[Event "VII Famalicao Open 2019"]
[Site "Famalicao"]
[Date "2019.08.02"]
[Round "8.8"]
[White "Dias, Ivo"]
[Black "Cori T., Deysi"]
[Result "1/2-1/2"]
[WhiteElo "2121"]
[BlackElo "2405"]
[Annotator "TA"]
[PlyCount "62"]
[EventDate "2019.07.28"]
[EventType "swiss"]
[EventCountry "POR"]
[SourceTitle "playchess.com"]
[Source "ChessBase"]
[SourceQuality "1"]

{[%evp 10,62,28,36,41,30,25,8,21,13,10,5,8,3,13,0,0,4,34,0,10,5,9,14,8,3,5,7,10,7,10,0,41,0,15,0,0,0,0,0,40,46,42,34,35,36,27,11,11,12,75,68,67,0,0]} 1. e4 c5 2. Nf3 e6 3. b3 ({Predecessor:} 3. g3 Nf6 4. e5 Nd5 5. Bg2 d6 6. b3 g6 7. Bb2 Bg7 8. O-O Nc6 9. Re1 {1-0 (57) Vella,D (1989)-Strade,A (1864) Andorra la Vella 2017}) 3... Nf6 4. e5 Nd5 5. Bb2 Nc6 6. g3 g6 $146 {B40: Sicilian: 2...e6, Unusual lines} (6... Be7 7. Bg2 O-O 8. O-O d6 9. exd6 Qxd6 10. Na3 Bf6 11. Bxf6 Nxf6 12. Qe2 Rb8 13. Nb5 Qe7 14. Ne5 Nd4 15. Nxd4 cxd4 16. c4 dxc3 17. dxc3 {1-0 (52) Alekseenko,K (2585)-Moiseenko,A (2677) Minsk 2017}) 7. Bg2 Bg7 8. O-O O-O 9. Re1 d6 10. Na3 dxe5 11. Nxe5 Nxe5 12. Bxe5 Bxe5 13. Rxe5 Qf6 14. f4 Rd8 15. Qe2 Rb8 16. Re1 Nb4 17. Rxc5 Qd4+ 18. Qe3 {aiming for Qxd4.} Qxd2 19. Qxd2 Rxd2 20. Be4 f5 21. Nc4 Rd8 22. Bg2 Nxc2 23. Rc1 Nd4 {[#] Hoping for ...Ne2+.} 24. Kf2 Bd7 (24... b6 $5 {[%cal Rb6c5]} 25. Rc7 Nb5 $11) 25. Ne5 {[%mdl 1024] White has compensation.} Be8 26. Ke3 $36 {[%mdl 2048] White is pushing.} Nb5 27. a4 Nd6 $1 28. Rc7 a5 $1 29. Re7 Bc6 (29... b5 $11) 30. Nxc6 $16 bxc6 31. Rxc6 (31. Rc3 $14) 31... Rxb3+ {Accuracy: White = 72%, Black = 59%.} 1/2-1/2

[Event "VII Famalicao Open 2019"]
[Site "Famalicao"]
[Date "2019.08.02"]
[Round "8.9"]
[White "Fernandes, Miguel"]
[Black "Rodrigues, Afonso"]
[Result "1-0"]
[WhiteElo "2118"]
[BlackElo "2134"]
[Annotator "ChessBase"]
[PlyCount "61"]
[EventDate "2019.07.28"]
[EventType "swiss"]
[EventCountry "POR"]
[SourceTitle "playchess.com"]
[Source "ChessBase"]
[SourceQuality "1"]
[TimeControl "5400+30"]

1. d4 {[%emt 0:00:00]} d5 {[%emt 0:00:00]} 2. c4 {[%emt 0:00:00]} c6 {[%emt 0:00:00]} 3. Nc3 {[%emt 0:00:14]} Nf6 {[%emt 0:00:00]} 4. Nf3 {[%emt 0:00:17]} a6 {[%emt 0:00:00]} 5. cxd5 {[%emt 0:00:47]} cxd5 {[%emt 0:00:00]} 6. Bf4 {[%emt 0:01:03]} Nc6 {[%emt 0:00:39]} 7. e3 {[%emt 0:01:03]} Bf5 {[%emt 0:17:35]} 8. Nh4 {[%emt 0:02:44]} Bc8 {[%emt 0:13:58]} 9. Bd3 {[%emt 0:02:07]} h6 {[%emt 0:08:45]} 10. Nf3 {[%emt 0:03:01]} g5 {[%emt 0:00:34]} 11. Bg3 {[%emt 0:03:04]} Bg7 {[%emt 0:00:29]} 12. Ne5 {[%emt 0:02:23]} Nd7 {[%emt 0:25:05]} 13. Nxc6 {[%emt 0:04:37]} bxc6 {[%emt 0:01:22]} 14. Rc1 {[%emt 0:03:36]} e5 {[%emt 0:03:52]} 15. dxe5 {[%emt 0:01:56]} Nxe5 {[%emt 0:00:19]} 16. O-O {[%emt 0:01:15]} O-O {[%emt 0:03:44]} 17. Na4 {[%emt 0:01:40]} Bd7 {[%emt 0:09:36]} 18. b3 {[%emt 0:01:43]} Qe7 {[%emt 0:00:21]} 19. Nb6 {[%emt 0:01:44]} Ra7 {[%emt 0:00:31]} 20. Nxd7 {[%emt 0:00:40]} Qxd7 {[%emt 0:00:21]} 21. Bxe5 {[%emt 0:00:48]} Bxe5 {[%emt 0:00:06]} 22. Qc2 {[%emt 0:00:24]} Rc7 {[%emt 0:02:12]} 23. Bxa6 {[%emt 0:04:03]} c5 {[%emt 0:01:41]} 24. Qe2 {[%emt 0:04:00]} Qd6 {[%emt 0:03:16]} 25. g3 {[%emt 0:00:44]} f5 {[%emt 0:00:36]} 26. Rfd1 {[%emt 0:03:34]} Kh8 {[%emt 0:01:23]} 27. Bc4 {[%emt 0:02:52]} d4 {[%emt 0:01:00]} 28. f4 {[%emt 0:02:46]} Bf6 {[%emt 0:01:30]} 29. Rd3 {[%emt 0:04:57]} Re7 {[%emt 0:00:33]} 30. Qf3 {[%emt 0:03:34]} Rxe3 {[%emt 0:01:00]} 31. Qxe3 {[%emt 0:00:28]} 1-0